书目信息 |
| 题名: |
暮年有养
|
|
| 作者: | 唐丽霞 , 姜亚勤 , 赵文杰 著 | |
| 分册: | ||
| 出版信息: | 北京 社会科学文献出版社 2015 |
|
| 页数: | 286页 | |
| 开本: | 23cm | |
| 丛书名: | 中国贫困片区精准脱贫研究丛书 | |
| 单 册: | ||
| 中图分类: | F323.89 | |
| 科图分类: | ||
| 主题词: | 农村--nong cun--老年人--社会保障--研究--中国 | |
| 电子资源: | ||
| ISBN: | 978-7-5097-8116-6 | |
| 000 | 01410nam0 22003131 450 | |
| 001 | 0109172518 | |
| 005 | 20170309172518.0 | |
| 010 | @a978-7-5097-8116-6@dCNY79.00 | |
| 100 | @a20151116d2015 em y0chiy50 ea | |
| 101 | 0 | @achi |
| 102 | @aCN@b110000 | |
| 105 | @ay z 000yy | |
| 106 | @ar | |
| 200 | 1 | @a暮年有养@9mu nian you yang@e农村贫困老人扶持政策评估及建议@dCare for the old-age@eassessment for the poor aged people in countryside@f唐丽霞,姜亚勤,赵文杰著@zeng |
| 210 | @a北京@c社会科学文献出版社@d2015 | |
| 215 | @a286页@d23cm | |
| 225 | 2 | @a中国贫困片区精准脱贫研究丛书@9zhong guo pin kun pian qu jing zhun tuo pin yan jiu cong shu@f黄承伟,王晓毅主编 |
| 300 | @a乐施会提供研究及出版支持 | |
| 330 | @a本书共七章,主要内容包括:研究概述、连片特困地区农村老年人养老情况、连片特困地区农村老年人经济情况、连片特困地区农村老年人健康和疾病状况等。 | |
| 461 | 0 | @12001 @a中国贫困片区精准脱贫研究丛书 |
| 510 | 1 | @aCare for the old-age@eassessment for the poor aged people in countryside@zeng |
| 517 | 1 | @a农村贫困老人扶持政策评估及建议@9nong cun pin kun lao ren fu chi zheng ce ping gu ji jian yi |
| 606 | 0 | @a农村@9nong cun@x老年人@x社会保障@x研究@y中国 |
| 690 | @aF323.89@v5 | |
| 701 | 0 | @a唐丽霞@9tang li xia@c(女,@f1979~)@4著 |
| 701 | 0 | @a姜亚勤@9jiang ya qin@4著 |
| 701 | 0 | @a赵文杰@9zhao wen jie@4著 |
| 801 | 0 | @aCN@bTANGWEI@c20170308 |
| 905 | @b0954207-9@dF323.89@e173@f3 | |
| 暮年有养:农村贫困老人扶持政策评估及建议=Care for the old-age:assessment for the poor aged people in countryside/唐丽霞,姜亚勤,赵文杰著.-北京:社会科学文献出版社,2015 |
| 286页;23cm.-(中国贫困片区精准脱贫研究丛书/黄承伟,王晓毅主编) |
| 乐施会提供研究及出版支持 |
| ISBN 978-7-5097-8116-6:CNY79.00 |
| 本书共七章,主要内容包括:研究概述、连片特困地区农村老年人养老情况、连片特困地区农村老年人经济情况、连片特困地区农村老年人健康和疾病状况等。 |
| ● |
| 相关链接 |
|
|
|
|
正题名:暮年有养
索取号:F323.89/173
 
预约/预借
| 序号 | 登录号 | 条形码 | 馆藏地/架位号 | 状态 | 备注 |
| 1 | 0954207 | 209542075 | 第一样本阅览室/ [索取号:F323.89/173] | 在馆 | |
| 2 | 0954208 | 209542084 | 第一借阅区/ [索取号:F323.89/173] | 在馆 | |
| 3 | 0954209 | 209542093 | 第一借阅区/ [索取号:F323.89/173] | 在馆 |